Information technology policy and strategy. / (Record no. 7486)

MARC details
000 -LEADER
fixed length control field 01245nam a22002537a 4500
003 - CONTROL NUMBER IDENTIFIER
control field OSt
005 - DATE AND TIME OF LATEST TRANSACTION
control field 20220316101039.0
008 - FIXED-LENGTH DATA ELEMENTS--GENERAL INFORMATION
fixed length control field 120710t xxu||||| |||| 00| 0 eng d
020 ## - INTERNATIONAL STANDARD BOOK NUMBER
International Standard Book Number 9781544115221
020 ## - INTERNATIONAL STANDARD BOOK NUMBER
International Standard Book Number 1544115229
040 ## - CATALOGING SOURCE
Transcribing agency LC
050 ## - LIBRARY OF CONGRESS CALL NUMBER
Classification number HD30.213.B66
100 ## - MAIN ENTRY--PERSONAL NAME
Personal name Boateng, Richard
245 ## - TITLE STATEMENT
Title Information technology policy and strategy. /
Statement of responsibility, etc. Richard Boateng
250 ## - EDITION STATEMENT
Edition statement Workbook ed.
260 ## - PUBLICATION, DISTRIBUTION, ETC.
Place of publication, distribution, etc. Charleston, SC:
Name of publisher, distributor, etc. CreateSpace,
Date of publication, distribution, etc. 2017.
300 ## - PHYSICAL DESCRIPTION
Extent xii, 226 p.:
Other physical details ill.;
500 ## - GENERAL NOTE
General note Includes index
505 ## - FORMATTED CONTENTS NOTE
Formatted contents note Contents: Information technology policy in organizations -- Types and examples of IT/IS policies -- IT/IS policy development and implementation -- IT/IS strategy -- Examples of IT/IS strategies -- Linking policy to strategy: e-governance in Senegal -- Strategic management theories -- Model examination questions --
520 ## - SUMMARY, ETC.
Summary, etc. The book aims at introducing readers to how organizations and institutions develop information system strategies and corresponding policies to govern the development, deployment and use of information systems [Preface]
650 ## - SUBJECT ADDED ENTRY--TOPICAL TERM
Topical term or geographic name entry element Management information systems -- Planning.
650 ## - SUBJECT ADDED ENTRY--TOPICAL TERM
Topical term or geographic name entry element Information storage and retrieval systems -- Business.
942 ## - ADDED ENTRY ELEMENTS (KOHA)
Source of classification or shelving scheme Library of Congress Classification
Koha item type Books
Holdings
Withdrawn status Lost status Source of classification or shelving scheme Damaged status Not for loan Home library Current library Shelving location Date acquired Full call number Barcode Date last seen Price effective from Koha item type
    Library of Congress Classification     WISCONSIN INTERNATIONAL UNIVERSITY COLLEGE, GHANA KUMASI LIBRARY WISCONSIN INTERNATIONAL UNIVERSITY COLLEGE, GHANA KUMASI LIBRARY General Stacks 15/11/2019 HD30.213.B66 K/2434/2434/19 14/07/2020 14/07/2020 Books

If you have any concerns or questions; kindly contact the library


© Powered by WIUC ICT DIRECTORATE